A meta-analysis of the state and local government borrowing costs (Record no. 530170)

000 -LEADER
fixed length control field 01401nam a22001337a 4500
008 - FIXED-LENGTH DATA ELEMENTS--GENERAL INFORMATION
fixed length control field 250529b ||||| |||| 00| 0 eng d
100 ## - MAIN ENTRY--PERSONAL NAME
Personal name Gerrish, E.D., et al
245 ## - TITLE STATEMENT
Title A meta-analysis of the state and local government borrowing costs
260 ## - PUBLICATION, DISTRIBUTION, ETC. (IMPRINT)
Place of publication, distribution, etc Public Administration Review
300 ## - PHYSICAL DESCRIPTION
Extent 85(2), Mar, 2025: p.486-503
520 ## - SUMMARY, ETC.
Summary, etc State and local governments seek to save money through fiscal efficiency. One such mechanism widely studied in the literature is through the choice for financial underwriting of debt. The extant literature generally suggests that state and local governments can lower borrowing costs through a competitive method of sale. In a meta-analysis of 418 effects from 97 studies, we find that competitive sales do enjoy a statistically significant reduction in borrowing costs However, these effects are moderated when using key control variables, the use of more recent data, as well as due to measurement and methodological choices. Consequently, despite a large number of studies in this area, more research specific to small borrowers, new and understudied contexts, or those using sophisticated selection and causal methods is needed to understand whether the practical preference for competitive sales should persist.- Reproduced

https://onlinelibrary.wiley.com/doi/10.1111/puar.13822
773 ## - HOST ITEM ENTRY
Main entry heading Public Administration Review
942 ## - ADDED ENTRY ELEMENTS (KOHA)
Item type Articles
Holdings
Withdrawn status Lost status Source of classification or shelving scheme Damaged status Not for loan Permanent location Current location Date acquired Serial Enumeration / chronology Barcode Date last seen Koha item type
          Indian Institute of Public Administration Indian Institute of Public Administration 2025-05-29 85(2), Mar, 2025: p.486-503 AR135987 2025-05-29 Articles

Powered by Koha